| 000 | 00794cam a22002414a 4500 | ||
|---|---|---|---|
| 005 | 20250605164251.0 | ||
| 008 | 250528s ||||||||||||||||||||||||d | ||
| 035 | _a21762 | ||
| 020 | _a9780071244763 | ||
| 040 |
_aGR-AtMCL _bgre _dGR-AtMCL _eAACR2 |
||
| 245 | 1 | _aDATABASE SYSTEM CONCEPTS | |
| 250 | _a5 | ||
| 260 |
_bMcgraw Hill, _c2006 |
||
| 300 | _a1142 | ||
| 505 | 0 | _aRELATIONAL DATABASES DATABASE DESIGN OBJECT-BASED DATABASES AND XML DATA STORAGE AND QUERYING TRANSACTION MANAGEMENT | |
| 520 | _aRELATIONAL DATABASES DATABASE DESIGN OBJECT-BASED DATABASES AND XML DATA STORAGE AND QUERYING TRANSACTION MANAGEMENT | ||
| 700 | 1 |
_aKorth Henry F _91852 |
|
| 700 | 1 |
_aSilberschatz Abraham _91853 |
|
| 700 | 1 |
_aSudarshan S _97689 |
|
| 942 | _cBK | ||
| 999 |
_c6821 _d6821 |
||